LEADER 01053nam a2200253 4500 001 000000361199 003 CaOOAMICUS 005 20241217095209.0 008 241216s1997 fr 000 u fre r 020 $a2-7289-0859-1 040 $aSeMil$bita 100 1 $aLe Méné, Jean-Marie.$0(OLS)http://semarc/name/121214 245 13$aLe professeur Lejeune fondateur de la génétique moderne /$cJean-Marie Le Méné. 264 1$aParis :$bMame,$c1997. 300 $a159 p. ;$c21 cm 600 14$aLejeune, Jérôme <1926-1994>.$0(OLS)http://semarc/subject/56871 650 4$aGenetica.$0(OLS)http://semarc/subject/5933 850 $aSeMil 852 $aSeMil$W1$xVenegono$y1$m3X II 291$j253510$B252175$CSeMilBibl$Z2$F252175 $81 961 $aPerego don Stefano - Omaggio 996 $6020$a2-7289-0859-1$9(OLS)http://semarc/number/302118 996 $6245$aLe professeur Lejeune fondateur de la génétique moderne$9(OLS)http://semarc/title/451872 996 $6264$aParis :$bMame$9(OLS)http://semarc/publisher/30579 LEADER 01517nam a2200325 i 4500 001 000000079113 003 CaOOAMICUS 005 20260313142713.0 008 160215s1984 it u000 u ita u 013 $a51350 020 $a88-263-0151-4 040 $aSeMil$bita 100 1 $aAlonso Schökel, Luis,$c.$0(OLS)http://semarc/name/1443 240 10$aProfetas : 1. Isaias, Jeremias, 2. Ezequiel, Doce Profetas menores, Daniel, Baruc, Carta de Jeremias.$0(OLS)http://semarc/title/127187 245 12$aI profeti /$ctraduzione e commento di L. Alonso Schökel e J.L. Sicre Diaz ; edizione italiana a cura di Gianfranco Ravasi. 260 $aRoma :$bBorla,$c1984. 300 $a1566 p. ;$c24 cm. 490 0 $aCommenti biblici [Borla] 650 4$aBibbia. Antico Testamento. Profeti - Commentari, studi, critica, interpretazioni.$0(OLS)http://semarc/subject/9887 700 1 $aSicre Diaz, José Louis,$d<1940- >.$0(OLS)http://semarc/name/115490 700 1 $aRavasi, Gianfranco,$c.$0(OLS)http://semarc/name/244 830 0$aCommenti biblici .$0(OLS)http://semarc/title/458541 850 $aSeMil 852 $aSeMil$W1$xVenegono$y1$m2YA Y 12$j268405$B44871$CSeMilBibl$Z2$F46709 $81 900 1 $aSicre, José Luis. 996 $6020$a88-263-0151-4$9(OLS)http://semarc/number/34322 996 $6245$aI profeti$9(OLS)http://semarc/title/91464 996 $6260$aRoma :$bBorla$9(OLS)http://semarc/publisher/29677